Japanilaisia lainasanoja - Statistics

Yleistilastot
  • Tätä visaa on pelattu 759 kertaa
  • Keskiarvotulos 13 / 20
Vastaustilastot
Määritelmä Sana % Oikein
Etikalla maustettua riisiä ja raakaa kalaa Sushi
95%
Yleensä maanjäristyksen aiheuttama hyökyaalto Tsunami
91%
Japanilainen painityyli Sumo
89%
9 x 9 -ruudukosta koostuva logiikkapeli Sudoku
87%
Potkuista ja lyönneistä koostuva kamppailulaji Karate
86%
Taiteellisesti taiteltu paperiesine Origami
85%
Itsemurhalentäjä Kamikaze
84%
Japanilainen sarjakuva Manga
83%
Tallennetun äänitteen mukana laulaminen Karaoke
80%
17-tavuinen runo Haiku
76%
Perinteinen japanilainen kaapumainen vaate Kimono
73%
Japanilainen riisiviini Sake
69%
Pienoiskokoinen puu Bonsai
68%
Yleinen japanilainen nuudeliruoka Ramen
46%
Tunnetaan myös nimillä maustekrassi ja japaninpiparjuuri Wasabi
39%
Koristeellinen karppi Koi
25%
Japanilainen eväslaatikko Bento
24%
Japanista lähtöisin oleva kuvasymboli Emoji
24%
Japanin feodaaliaikainen armeijan päällikkö Shogun
23%
Friteerattuja kasviksia tai mereneläviä Tempura
12%
Ehtoja vastaavia visoja ei löytynyt
Tulosjakauma
Jokaisen tuloksen saaneiden osuus
Persentiili vastausten määrän mukaan
Tuloshistoriasi
Et ole pelannut tätä visaa